| 000 | 00800nam a22002417a 4500 | ||
|---|---|---|---|
| 003 | 0 | ||
| 005 | 20250916154135.0 | ||
| 008 | 250916b xxu||||| |||| 00| 0 eng d | ||
| 020 | _a978-1-5296-8366-0 | ||
| 050 |
_aHD 31 _b.C54 2025 |
||
| 100 |
_aClegg, Stewart R., _eauthor. |
||
| 245 |
_aManaging and organizations : _ban introduction to theory and practice / _cStewart R. Clegg, Tyrone S. Pitsis, and Matthew Mount. |
||
| 250 | _aSeventh edition. | ||
| 260 |
_aLondon : _bSage, _c2025. |
||
| 300 |
_axiv, 544 pages ; _c25 cm. |
||
| 504 | _aIncludes bibliographical references and index. | ||
| 650 | _aManagement. | ||
| 650 | _aOrganizational behavior. | ||
| 650 | _aIndustrial management. | ||
| 700 |
_aPitsis, Tyrone S., _eauthor. |
||
| 700 |
_aMount, Matthew, _eauthor. |
||
| 942 |
_2lcc _cBK |
||
| 999 |
_c367993 _d367993 |
||